header

Debating human rights (Record no. 63993)

MARC details
000 -LEADER
fixed length control field 01472nam a2200373Ia 4500
245 00 - TITLE STATEMENT
Title Debating human rights
260 ## - PUBLICATION, DISTRIBUTION, ETC. (IMPRINT)
Place of publication London ;
-- New York :
Name of publisher Routledge,
Year of publication 1999.
300 ## - PHYSICAL DESCRIPTION
Number of Pages xi, 291 p.
490 1# - SERIES STATEMENT
Series statement Asia's transformations
650 #0 - SUBJECT ADDED ENTRY--TOPICAL TERM
Topical Term Human rights.
Topical Term Human rights
700 1# - ADDED ENTRY--PERSONAL NAME
Personal name Van Ness, Peter.
Personal name Aziz, Nikhil.
856 40 - ELECTRONIC LOCATION AND ACCESS
Uniform Resource Identifier http://site.ebrary.com/lib/rucke/Doc?id=10054766

No items available.

© 2026 Rongo University
Contact us: librarian | system librarian | Rongo university